006160000a22002050004500090001300000245007600013044001300089041001400102690003600116690003100152651003000183651001900213653002900232653002500261700002600286100002900312942001300341773003900354999001700393 aSERIADAS10aNovedades taxonómicas de las ericáceas del suroccidente de Colombia aColombia0 aEspañol aInventarios florísticos97117 aTaxonomía vegetal992262 4pColombiadNariño992749 4pEcuador992749 fEricaceaegSphyrospermum fEricaceaegVaccinium1 aBetancur, Julio946201 aSalinas, Nelson R.91493 cARTICULO1 tCaldasiamJun.h1q51-58d2007g29 c16294d16294